000 00351nam a2200145Ia 4500
005 20250320140253.0
008 240331s9999 xx 000 0 und d
082 _bMAH
_a894
245 0 _aMaha kavi kavithaikal
260 _aShivagangai
_bAnam ( Pvt) Ltd
_c1984
300 _a136 p .,
650 _aPoems
700 _aNookman, M.A..
_eedt
942 _cL
999 _c4041
_d4041